00937nam a2200265Ia 450000500170000000800410001702000180005804100080007610000340008424500850011825000180020330000250022150000520024660000410029865000380033965000420037765000290041965000590044826400290050733600270053633700330056333800280059604000350062408400120065920220317001904.0170410s2015 c g 000 f s  a9789588870434 aspa1 aSantos Molano, Enriqued1942-10aMancha de la tierrabnovelablos hermanos libertadores, IcEnrique Santos Molano a1a. edición a687 páginasc23 cm aIncluye datos biográficos del autor en solapa14aNariño, Antoniod1765-1823vNovela142LEMBaNovela colombianaySiglo XX142LEMBaLiteratura colombianaySiglo XX142LEMBaNovela histórica142LEMBaInsurrección de los comuneros en la literatura aBogotábGrijalboc2015 atextobtxt2rdacontent asin mediaciónbn2rdamedia avolumenbnc2rdacarrier aCO-BoRNBPbspaerdacCO-BoRNBP aN SAN28